Налог на прибыль организаций. Комментарий (постатейный) к главе 25 Налогового кодекса Российской Федерации ( в редакции Федерального закона от 24.07.2009 №213-ФЗ)

Detaylı Bibliyografya
Özet:Исключено из фонда НТБ ТПУ
Dil:Rusça
Baskı/Yayın Bilgisi: Москва, Статус-Кво 97, 2009
Seri Bilgileri:Комментарии к Налоговому кодексу
Materyal Türü: Kitap
KOHA link:https://koha.lib.tpu.ru/cgi-bin/koha/opac-detail.pl?biblionumber=168493

MARC

LEADER 00000nam0a2200000 4500
001 168493
005 20231031163125.0
035 |a (RuTPU)RU\TPU\book\182805 
035 |a RU\TPU\book\182690 
090 |a 168493 
100 |a 20091028d2009 m y0rusy50 ca 
101 0 |a rus 
102 |a RU 
105 |a y n 000zy 
200 1 |a Налог на прибыль организаций. Комментарий (постатейный) к главе 25 Налогового кодекса Российской Федерации ( в редакции Федерального закона от 24.07.2009 №213-ФЗ) 
210 |a Москва  |c Статус-Кво 97  |d 2009 
215 |a 646 с. 
225 1 |a Комментарии к Налоговому кодексу  |x 1727-3930 
333 |a Исключено из фонда НТБ ТПУ 
801 1 |a RU  |b 63413507  |c 20091028 
801 2 |a RU  |b 63413507  |c 20231011  |g RCR 
942 |c BK